<?xml version="1.0" encoding="UTF-8"?>
<record
    xmlns:xsi="http://www.w3.org/2001/XMLSchema-instance"
    xsi:schemaLocation="http://www.loc.gov/MARC21/slim http://www.loc.gov/standards/marcxml/schema/MARC21slim.xsd"
    xmlns="http://www.loc.gov/MARC21/slim">

  <leader>02968nam a22002057a 4500</leader>
  <controlfield tag="003">OSt</controlfield>
  <controlfield tag="005">20251024123001.0</controlfield>
  <controlfield tag="008">250915b        |||||||| |||| 00| 0 eng d</controlfield>
  <datafield tag="020" ind1=" " ind2=" ">
    <subfield code="a">9781781612408</subfield>
  </datafield>
  <datafield tag="040" ind1=" " ind2=" ">
    <subfield code="c">tbs</subfield>
  </datafield>
  <datafield tag="041" ind1=" " ind2=" ">
    <subfield code="a">English</subfield>
  </datafield>
  <datafield tag="245" ind1=" " ind2=" ">
    <subfield code="a">Time to Repair: How Yoga Can Restore Body and Mind in 5 Minutes a Day</subfield>
    <subfield code="c">/ Vicky Fox</subfield>
  </datafield>
  <datafield tag="260" ind1=" " ind2=" ">
    <subfield code="a">Hammersmith Health Books, 2023.</subfield>
  </datafield>
  <datafield tag="300" ind1=" " ind2=" ">
    <subfield code="a">266 pages :</subfield>
    <subfield code="b">illustrations (black and white) ;</subfield>
    <subfield code="c">23 cm.</subfield>
  </datafield>
  <datafield tag="505" ind1=" " ind2=" ">
    <subfield code="a">Taking control 5 Minutes at a time &#x2014;
Union: creating a sense of wholeness to allow your body to repair &#x2014;
Energetics of the body - creating change from within &#x2014;
Love is everything &#x2014;
Domes and their role in the health of our body &#x2014;
Union and the immune system &#x2014;
The immune system and stress &#x2014;
Building strength, bones and muscles &#x2014;
Starting to practise &#x2014;
Mudras - hand gestures &#x2014;
Mantras to anchor &#x2014;
Breathing practices &#x2014;
5-minute savasana &#x2014;
5-minute body scan &#x2014;
5-minute alternate nostril breathing (nadi shodana) &#x2014;
5 minutes to calm (brahmari breathing) &#x2014;
5 minutes to energise (viloma breathing) &#x2014;
5 minutes to cool (sitali breathing) &#x2014;
Meditation practices &#x2014;
5 minutes' repairing light &#x2014;
5-minute joint space &#x2014;
5-minute heart focus &#x2014;
Asana practice: supine (with chair options) &#x2014;
5 minutes for digestion &#x2014;
5 minutes for strength &#x2014;
5 minutes to lubricate and flow &#x2014;
If you only have a minute &#x2014;
Asana practice: seated &#x2014;
5 minutes lubricating feet and spine &#x2014;
5 minutes opening face, jaw, neck and shoulders &#x2014;
Asana practice: standing &#x2014;
5 minutes' strengthening &#x2014;
5 minutes' hip opening &#x2014;
5 minutes to balance &#x2014;
Restorative practices &#x2014;
5 minutes to energise &#x2014;
5 minutes to create maximum space &#x2014;
5 minutes to release tension in the front body &#x2014;
5 minutes to calm and ground &#x2014;
Creating a sequence &#x2014;
Begin your day - awakening &#x2014;
End your day - preparing for sleep.</subfield>
  </datafield>
  <datafield tag="520" ind1=" " ind2=" ">
    <subfield code="a">When recovering from surgery and/or aggressive medical treatments we may need help with healing over and above rest and a good diet. Vicky Fox's expertise in yoga for those with cancer diagnosis has given her practical understanding of how yoga can promote healing in the gentlest yet most fundamental ways but that patients are often held back by perceived lack of time to learn new skills and put them into practice. In this practical, illustrated guide to developing a yoga practice that supports healing, 5 minutes at a time, Vicky shows how to help the body restore balance, optimising the natural potential to repair following adverse events. Yoga is about becoming more flexible physically and psychologically/emotionally. The book builds on findings that it can help with insomnia, anxiety, bone density, inflammation, immunity, strength, balance and overall wellbeing - provided we can find the time.</subfield>
  </datafield>
  <datafield tag="650" ind1=" " ind2="0">
    <subfield code="a">Hatha yoga Therapeutic use</subfield>
    <subfield code="9">25863</subfield>
  </datafield>
  <datafield tag="650" ind1=" " ind2="0">
    <subfield code="a">Yoga</subfield>
    <subfield code="9">25864</subfield>
  </datafield>
  <datafield tag="942" ind1=" " ind2=" ">
    <subfield code="2">lcc</subfield>
  </datafield>
  <datafield tag="952" ind1=" " ind2=" ">
    <subfield code="0">0</subfield>
    <subfield code="1">0</subfield>
    <subfield code="2">lcc</subfield>
    <subfield code="4">0</subfield>
    <subfield code="7">0</subfield>
    <subfield code="a">TBS</subfield>
    <subfield code="b">TBS</subfield>
    <subfield code="d">2025-09-15</subfield>
    <subfield code="l">0</subfield>
    <subfield code="o">RM727.Y64 FOX</subfield>
    <subfield code="p">B05782</subfield>
    <subfield code="r">2025-09-15</subfield>
    <subfield code="t">1</subfield>
    <subfield code="w">2025-09-15</subfield>
    <subfield code="y">1</subfield>
    <subfield code="z">WELL COLLECTION</subfield>
  </datafield>
  <datafield tag="999" ind1=" " ind2=" ">
    <subfield code="c">4934</subfield>
    <subfield code="d">4934</subfield>
  </datafield>
</record>
